Pokémon, die mit A beginnen - Statistiken

Allgemein
  • Dieses Quiz wurde 51 mal gespielt
  • Das Durchschnittsergebnis liegt bei 21 aus 44
Antwortstatistiken
Nr. Typ Name % Korrekt
24 Gift Arbok
94%
142 Gestein, Flug Aerodactyl
91%
59 Feuer Arkani
91%
63 Psycho Abra
85%
93 Geist, Gift Alpollo
85%
138 Gestein, Wasser Amonitas
82%
139 Gestein, Wasser Amoroso
82%
144 Eis, Flug Arktos
82%
134 Wasser Aquana
76%
91 Wasser, Eis Austos
70%
181 Elektro Ampharos
61%
184 Wasser, Fee Azumarill
61%
334 Drache, Flug Altaria
58%
298 Normal, Fee Azurill
58%
168 Käfer, Gift Ariados
48%
359 Unlicht Absol
45%
493 Normal Arceus
45%
737 Käfer, Elektro Akkup
42%
593 Wasser, Geist Apoquallyp
42%
751 Wasser, Käfer Araqua
42%
424 Normal Ambidiffel
39%
712 Eis Arktip
39%
367 Wasser Aalabyss
36%
713 Eis Arktilas
36%
937 Feuer, Geist Azugladis
36%
945 Gift, Normal Affiti
33%
690 Gift, Wasser Algitt
33%
773 Normal Amigento
33%
347 Gestein, Käfer Anorith
33%
348 Gestein, Käfer Armaldo
33%
900 Käfer, Gestein Axantor
33%
962 Flug, Unlicht Adebom
30%
503 Wasser Admurai
30%
748 Gift, Wasser Aggrostella
30%
758 Gift, Feuer Amfira
30%
657 Wasser Amphizel
30%
752 Wasser, Käfer Aranestro
30%
723 Pflanze, Flug Arboretoss
30%
804 Gift, Drache Agoyon
27%
699 Gestein, Eis Amagarga
27%
698 Gestein, Eis Amarino
27%
793 Gestein, Gift Anego
27%
976 Wasser, Psycho Agiluza
24%
567 Gestein, Flug Aeropteryx
21%
Keine übereinstimmenden Quizze gefunden
Verteilung der Resultate
Anzahl Personen mit jedem Resultat
Perzentil nach korrekt beantworteten Fragen
Ihre Resultats-Entwicklung
Sie haben dieses Quiz noch nicht gespielt